• 首页
  • 本馆介绍
  • 公告通知
  • 最新文献
  • 馆藏检索
  • 电子资源
  • 读者导购
  • 参考咨询
  • 我的图书馆
  • 登录
  • 详细信息显示
  • 放入我的书架
  • 预约/预借图书
  • 作者相关作品
  • 分类相关作品
  • 丛书相关作品
  • 出版社相关作品

书目信息

  • 表格格式
  • 工作单格式
  • 卡片格式
题名:
中国文学艺术工作者第三次代表大会文件
    
 
作者: ;人民文学出版社 编
分册:  
出版信息: 北京   人民文学出版社  1960
页数: 77页
开本: 20cm
丛书名:
单 册:
中图分类: I03
科图分类:
主题词: 文艺工作者
电子资源:
ISBN:
000 00630nam0 2200193 450
001 0662621868
005 20060429172559.67
010    @dCNY0.30
100    @a20060429d1960 km y0chiy0120 ea
101 0  @achi
102    @aCN@b110000
200 1  @a中国文学艺术工作者第三次代表大会文件@Azhong guo wen xue yi shu gong zuo zhe di san ci dai biao da hui wen jian@f人民文学出版社编@Fren min wen xue chu ban she bian
210    @a北京@c人民文学出版社@d1960
215 1  @a77页@d20cm
606 0  @a文艺工作者
690    @aI03@v4
711  0 @a人民文学出版社@Aren min wen xue chu ban she@4编
801  0 @aCN@bPFT@c20060429
905    @a10447@dI03@e4
    
    中国文学艺术工作者第三次代表大会文件/人民文学出版社编.-北京:人民文学出版社,1960
    77页;20cm
    
    
    ISBN :CNY0.30
    
●
相关链接 在E读中查询图书 在五车中查询图书 在当当中查询图书 在豆瓣中查询图书


正题名:中国文学艺术工作者第三次代表大会文件     索取号:I03/4         预约/预借

序号 登录号 条形码 馆藏地/架位号 状态 备注
1 0015779   202305638   密集书库/ [索取号:I03/4] 在馆    
2 0028662   000904294   第一样本阅览室/ [索取号:I03/4] 在馆    
唐山师范学院图书馆 欢迎您!
大连网信软件有限公司© 版权所有